Welcome to CU Library Online Public Access Catalogue (OPAC)

Living Judaism : (Record no. 7121)

MARC details
000 -LEADER
fixed length control field 00816cam a2200253 a 4500
001 - CONTROL NUMBER
control field 3979185
005 - DATE AND TIME OF LATEST TRANSACTION
control field 20250723160128.0
008 - FIXED-LENGTH DATA ELEMENTS--GENERAL INFORMATION
fixed length control field 950516s1995 caua 001 0 eng
020 ## - INTERNATIONAL STANDARD BOOK NUMBER
International Standard Book Number 0060621192
Qualifying information cloth
020 ## - INTERNATIONAL STANDARD BOOK NUMBER
International Standard Book Number 0060621796
Qualifying information pbk.
020 ## - INTERNATIONAL STANDARD BOOK NUMBER
International Standard Book Number 9780060621193
Qualifying information (cloth)
020 ## - INTERNATIONAL STANDARD BOOK NUMBER
International Standard Book Number 9780060621797
Qualifying information (pbk.)
050 00 - LIBRARY OF CONGRESS CALL NUMBER
Classification number BM561
Item number .B65 1995
082 00 - DEWEY DECIMAL CLASSIFICATION NUMBER
Classification number 296
Edition information 20
100 1# - MAIN ENTRY--PERSONAL NAME
Personal name Dosick, Wayne D.,
Dates associated with a name 1947-
245 10 - TITLE STATEMENT
Title Living Judaism :
Remainder of title the complete guide to Jewish belief, tradition, and practice /
Statement of responsibility, etc. Wayne Dosick.
250 ## - EDITION STATEMENT
Edition statement 1st ed.
260 ## - PUBLICATION, DISTRIBUTION, ETC.
Place of publication, distribution, etc. San Francisco :
Name of publisher, distributor, etc. HarperSan Francisco,
Date of publication, distribution, etc. 1995.
300 ## - PHYSICAL DESCRIPTION
Extent 385 p. :
Other physical details ill. ;
Dimensions 25 cm.
500 ## - GENERAL NOTE
General note Includes index.
650 #0 - SUBJECT ADDED ENTRY--TOPICAL TERM
Topical term or geographic name entry element Judaism.
856 42 - ELECTRONIC LOCATION AND ACCESS
Materials specified Publisher description
Uniform Resource Identifier <a href="http://www.loc.gov/catdir/description/hc044/95022260.html">http://www.loc.gov/catdir/description/hc044/95022260.html</a>
942 ## - ADDED ENTRY ELEMENTS (KOHA)
Source of classification or shelving scheme Library of Congress Classification
Koha item type Books
Suppress in OPAC No
999 ## -
-- 7121
-- 7121
Holdings
Withdrawn status Lost status Source of classification or shelving scheme Damaged status Not for loan Collection Home library Current library Shelving location Date acquired Total checkouts Full call number Barcode Date last seen Copy number Price effective from Koha item type
    Library of Congress Classification     Reference Undergraduate Library (Christ Temple) Undergraduate Library (Christ Temple) General stacks 07/23/2025   REF BM561 DOS ulct00004096 07/23/2025 1 07/23/2025 Books
© 2023-2024 Copyright: Central University Libraries. All Rights Reserved | Created by: Mahone Tech Office